[Event "2BLS 2223 SV 1947 Walldorf - Heilbronne"]
[Site "?"]
[Date "2022.10.22"]
[Round "1.3"]
[White "Fecker, Noah"]
[Black "Muckle, Julius"]
[Result "0-1"]
[WhiteElo "2387"]
[BlackElo "2401"]
[PlyCount "82"]
[EventDate "2022.??.??"]

1. e4 e6 2. d4 d5 3. e5 c5 4. c3 Qb6 5. Nf3 Bd7 6. Be2 Nc6 7. O-O Rc8 8. dxc5 Bxc5 9. b4 Bf8 10. Na3 Nge7 11. Nb5 Ng6 12. Be3 Qd8 13. Nxa7 Nxa7 14. Bxa7 Rxc3 15. Qd4 Ra3 16. Bb6 Qa8 17. Ba5 Qb8 18. Rfc1 Be7 19. h4 f6 20. Bc7 Qa7 21. Qd2 O-O 22. Bd6 Bxd6 23. exd6 Qb6 24. h5 Ne5 25. h6 Nxf3+ 26. Bxf3 Qxd6 27. hxg7 Kxg7 28. Rc4 Qe5 29. Rg4+ Kh8 30. Re1 Rxa2 31. Qc1 Rc8 32. Qd1 Qb2 33. Kh2 Qxf2 34. Rh1 Rg8 35. Rf1 Qd2 36. Rxg8+ Kxg8 37. Qb3 Rb2 38. Qa3 Qxb4 39. Qe3 Qd6+ 40. Kh1 Rb4 41. Ra1 Qf4 0-1

[Event "2BLS 2223 SV 1947 Walldorf - Heilbronne"]
[Site "?"]
[Date "2022.10.22"]
[Round "1.4"]
[White "Vonthron, Horst"]
[Black "Zuferi, Enis"]
[Result "0-1"]
[WhiteElo "2361"]
[BlackElo "2332"]
[PlyCount "58"]
[EventDate "2022.??.??"]

1. c4 e5 2. Nc3 Nf6 3. g3 Bb4 4. Bg2 O-O 5. e4 Bxc3 6. bxc3 c6 7. Ne2 d5 8. exd5 cxd5 9. cxd5 Nxd5 10. O-O Nc6 11. f4 e4 12. f5 Re8 13. Rb1 Bxf5 14. Rxb7 Bg6 15. Qa4 Qc8 16. Rb5 Nb6 17. Qb3 Ne5 18. Nf4 Nf3+ 19. Kh1 Nc4 20. Nxg6 hxg6 21. d3 exd3 22. Bxf3 d2 23. Ba3 Re1 24. Kg1 Rxf1+ 25. Kxf1 d1=Q+ 26. Bxd1 Nd2+ 27. Kf2 Nxb3 28. Bxb3 Qa6 29. Bd5 Rd8 0-1

[Event "2BLS 2223 SV 1947 Walldorf - Heilbronne"]
[Site "?"]
[Date "2022.10.22"]
[Round "1.6"]
[White "Schlegel, Igor"]
[Black "Kabisch, Thilo"]
[Result "1/2-1/2"]
[WhiteElo "2304"]
[BlackElo "2249"]
[PlyCount "112"]
[EventDate "2022.??.??"]

1. e4 e6 2. d4 d5 3. Nc3 dxe4 4. Nxe4 Nd7 5. g3 Ngf6 6. Nxf6+ Nxf6 7. Bg2 c5 8. Nf3 cxd4 9. Qxd4 Qxd4 10. Nxd4 a6 11. O-O Bc5 12. Nb3 Bb6 13. Bf4 O-O 14. Rad1 Re8 15. Rfe1 Ng4 16. Rd2 e5 17. h3 Kf8 18. hxg4 exf4 19. Rxe8+ Kxe8 20. gxf4 Bxg4 21. Bxb7 Ra7 22. Bc6+ Ke7 23. c4 Rc7 24. Bd5 Kf6 25. Kg2 Re7 26. c5 Bc7 27. Bf3 Bc8 28. Rd4 g6 29. Nd2 Kf5 30. Kg3 h5 31. Bg2 Kf6 32. Ne4+ Kg7 33. Nd6 Bg4 34. b4 Bb8 35. Bf3 Bxf3 36. Kxf3 Re1 37. c6 Re6 38. a4 Bxd6 39. b5 axb5 40. axb5 h4 41. Kg4 f5+ 42. Kxh4 Bc5 43. Rd7+ Kh6 44. c7 Re8 45. Rd8 Be7+ 46. Kh3 Rxd8 47. b6 Rc8 48. b7 Rxc7 49. b8=Q Rc3+ 50. Kg2 Bf6 51. Qg8 Bg7 52. Kf1 Rf3 53. Qc4 Kh7 54. Kg2 Rc3 55. Qf7 Rd3 56. Qe7 Rc3 1/2-1/2

[Event "2BLS 2223 SV 1947 Walldorf - Heilbronne"]
[Site "?"]
[Date "2022.10.22"]
[Round "1.7"]
[White "Degenhard, Simon"]
[Black "Fischer, Sebastian"]
[Result "1/2-1/2"]
[WhiteElo "2178"]
[BlackElo "2301"]
[PlyCount "52"]
[EventDate "2022.??.??"]

1. e4 d5 2. exd5 Qxd5 3. Nc3 Qa5 4. d4 Nf6 5. Bc4 Bg4 6. Nge2 Nbd7 7. f3 Bf5 8. a3 e5 9. Be3 c6 10. O-O Be7 11. Ng3 Bg6 12. Qe2 O-O 13. Qf2 exd4 14. Bxd4 Bc5 15. Rad1 Rad8 16. Rfe1 Rfe8 17. Bxc5 Qxc5 18. Qxc5 Nxc5 19. Rxe8+ Rxe8 20. b4 Ne6 21. Bd3 Rd8 22. Bxg6 Rxd1+ 23. Nxd1 hxg6 24. Ne2 Kf8 25. Kf1 Ke7 26. Nb2 b6 1/2-1/2

[Event "2BLS 2223 SV 1947 Walldorf - Heilbronne"]
[Site "?"]
[Date "2022.10.22"]
[Round "1.8"]
[White "Hauser, Carlos"]
[Black "Huber, Philipp"]
[Result "1/2-1/2"]
[WhiteElo "2223"]
[BlackElo "2227"]
[PlyCount "141"]
[EventDate "2022.??.??"]

1. d4 Nf6 2. c4 d6 3. Nf3 g6 4. Nc3 Bg7 5. e4 O-O 6. Be2 Na6 7. O-O e5 8. Re1 Nh5 9. Be3 Nf4 10. h3 Nxe2+ 11. Qxe2 c6 12. Rad1 Qe7 13. c5 dxc5 14. dxe5 h6 15. Qd2 Kh7 16. Qd6 Re8 17. Qxe7 Rxe7 18. Rd8 b6 19. Red1 Nc7 20. R8d6 Bb7 21. Rd7 Rae8 22. Ne2 Ne6 23. Rxe7 Rxe7 24. Rd6 Nd4 25. Nexd4 cxd4 26. Bxd4 c5 27. Bc3 Bxe4 28. Nd2 Bc2 29. f4 b5 30. b3 Rb7 31. Kf2 Bf8 32. Rd5 Bf5 33. Ke3 c4 34. bxc4 bxc4 35. Ne4 Be7 36. Nf6+ Kg7 37. g4 Be6 38. Ra5 Rb1 39. Bd4 Rh1 40. Rxa7 Rxh3+ 41. Ke4 Bxf6 42. exf6+ Kg8 43. Rc7 Bxg4 44. Rxc4 Ra3 45. Rc3 Rxa2 46. Bc5 Kh7 47. Ra3 Re2+ 48. Re3 Rg2 49. Re1 Bd7 50. Kd4 g5 51. fxg5 hxg5 52. Re7 Kg6 53. Ke3 Bc6 54. Bd4 Ra2 55. Rc7 Bd5 56. Rc5 Ba8 57. Rc1 Bg2 58. Ra1 Rc2 59. Kd3 Rc6 60. Rg1 Bf3 61. Ke3 g4 62. Rb1 Rc2 63. Rb2 Rc4 64. Rb8 Ra4 65. Rb5 Ba8 66. Rb1 g3 67. Rb8 Ra3+ 68. Kf4 g2 69. Rg8+ Kh5 70. Rh8+ Kg6 71. Rg8+ 1/2-1/2

[Event "2BLS 2223 SC Ötigheim - Stuttgarter SF"]
[Site "?"]
[Date "2022.10.23"]
[Round "2.1"]
[White "Neyman, Igor"]
[Black "Bauer, Christian"]
[Result "1/2-1/2"]
[WhiteElo "2354"]
[BlackElo "2616"]
[PlyCount "88"]
[EventDate "2022.??.??"]

1. d4 Nf6 2. c4 e6 3. Nf3 Nc6 4. a3 d6 5. Nc3 g6 6. e4 Bg7 7. h3 O-O 8. Bg5 h6 9. Be3 Re8 10. Be2 e5 11. d5 Nd4 12. Nxd4 exd4 13. Bxd4 Nxe4 14. Bxg7 Kxg7 15. Qd4+ Qf6 16. Qxf6+ Kxf6 17. Nxe4+ Rxe4 18. f3 Re5 19. Kf2 Bf5 20. Rhd1 Rae8 21. Rd2 g5 22. Rc1 Re3 23. c5 R3e5 24. cxd6 cxd6 25. Rc4 R8e7 26. h4 Bb1 27. hxg5+ hxg5 28. Rc3 Re8 29. b4 Bf5 30. Bb5 Rh8 31. Rd1 g4 32. Rd4 gxf3 33. Rxf3 Ke7 34. Rc3 Kd8 35. Be2 Re4 36. Rdc4 Rhe8 37. Bf3 Rxc4 38. Rxc4 Re5 39. Kg3 Bg6 40. Kf4 f6 41. Bg4 Rxd5 42. Rc8+ Ke7 43. Rc7+ Kf8 44. Bf3 Rd3 1/2-1/2

[Event "2BLS 2223 SC Ötigheim - Stuttgarter SF"]
[Site "?"]
[Date "2022.10.23"]
[Round "2.2"]
[White "Van den Doel, Erik"]
[Black "Strunski, Andreas"]
[Result "1-0"]
[WhiteElo "2582"]
[BlackElo "2325"]
[PlyCount "55"]
[EventDate "2022.??.??"]

1. d4 d5 2. Nf3 Nf6 3. Bf4 c5 4. e3 Nc6 5. Nbd2 cxd4 6. exd4 Qb6 7. Nb3 Bg4 8. h3 Bxf3 9. Qxf3 e6 10. c3 a5 11. Be2 Ne4 12. O-O h5 13. Bd3 a4 14. Nd2 g5 15. Be3 g4 16. hxg4 hxg4 17. Qxg4 Bd6 18. g3 Nxd2 19. Bxd2 Qxb2 20. Qg5 Be7 21. Qf4 Qa3 22. Rfb1 Nd8 23. Qg4 f5 24. Qg7 Rf8 25. Bb5+ Nc6 26. Bxc6+ bxc6 27. Rb7 f4 28. Bxf4 1-0

[Event "2BLS 2223 SC Ötigheim - Stuttgarter SF"]
[Site "?"]
[Date "2022.10.23"]
[Round "2.3"]
[White "Keilhack, Harald"]
[Black "Lai, Hing Ting"]
[Result "1/2-1/2"]
[WhiteElo "2232"]
[BlackElo "2480"]
[PlyCount "67"]
[EventDate "2022.??.??"]

1. Nf3 d5 2. e3 Nf6 3. c4 e6 4. b3 Bd6 5. Bb2 Qe7 6. Nc3 c6 7. d4 Nbd7 8. Be2 O-O 9. O-O dxc4 10. bxc4 e5 11. Re1 Re8 12. Qc2 e4 13. Nd2 Nf8 14. f3 exf3 15. Bxf3 Ng4 16. Nf1 Qg5 17. c5 Bc7 18. e4 Ne6 19. Na4 Nf4 20. Kh1 Nd3 21. Re2 Nxb2 22. Nxb2 Be6 23. Nc4 Qf4 24. d5 Nxh2 25. dxe6 Nxf1 26. exf7+ Kxf7 27. Kg1 Ng3 28. Rd2 Kg8 29. Rd7 Kh8 30. Qb2 Be5 31. Nxe5 Rxe5 32. Rad1 Rf8 33. Rxb7 Nxe4 34. Qd4 1/2-1/2

[Event "2BLS 2223 SC Ötigheim - Stuttgarter SF"]
[Site "?"]
[Date "2022.10.23"]
[Round "2.4"]
[White "Laurent-Paoli, Pierre"]
[Black "Migl, Dieter"]
[Result "1-0"]
[WhiteElo "2488"]
[BlackElo "2100"]
[PlyCount "57"]
[EventDate "2022.??.??"]

1. e4 c5 2. Nf3 d6 3. d4 cxd4 4. Nxd4 Nf6 5. Nc3 Nc6 6. Bg5 e6 7. Qd2 a6 8. O-O-O Bd7 9. f4 h6 10. Bh4 g5 11. fxg5 Ng4 12. Be2 Nge5 13. Nf3 Be7 14. Bg3 hxg5 15. Rhf1 Rc8 16. Kb1 f6 17. h4 g4 18. Nxe5 dxe5 19. Bxg4 Nd4 20. Bf2 b5 21. Bxd4 exd4 22. Qxd4 b4 23. Ne2 Bb5 24. Qf2 Qc7 25. Nd4 Bxf1 26. Qxf1 Rxh4 27. Bxe6 Rxe4 28. Qf5 Qe5 29. Qg6+ 1-0

[Event "2BLS 2223 SC Ötigheim - Stuttgarter SF"]
[Site "?"]
[Date "2022.10.23"]
[Round "2.5"]
[White "Forster, Lukas"]
[Black "Cornette, Matthieu"]
[Result "0-1"]
[WhiteElo "1953"]
[BlackElo "2572"]
[PlyCount "62"]
[EventDate "2022.??.??"]

1. e4 e6 2. d4 d5 3. Nc3 Nf6 4. Bg5 dxe4 5. Nxe4 Be7 6. Bxf6 gxf6 7. Nf3 f5 8. Nc3 a6 9. a4 Nc6 10. Qd2 Bf6 11. Rd1 b6 12. Bc4 Nb4 13. Bb3 Bb7 14. Qe3 Qd6 15. O-O O-O-O 16. Ne5 Rhg8 17. f3 Kb8 18. Kh1 Qf8 19. Rf2 Qg7 20. Re2 Rd6 21. Na2 Bxe5 22. c3 Bxh2 23. Kxh2 Qg3+ 24. Kh1 Nxa2 25. Bxa2 e5 26. d5 Qh4+ 27. Kg1 Rh6 28. Kf1 Qxa4 29. Qxh6 Qxd1+ 30. Re1 Qd3+ 31. Kf2 Qc2+ 0-1

[Event "2BLS 2223 SC Ötigheim - Stuttgarter SF"]
[Site "?"]
[Date "2022.10.23"]
[Round "2.6"]
[White "Hopman, Pieter"]
[Black "Hofmann, Martin"]
[Result "1/2-1/2"]
[WhiteElo "2344"]
[BlackElo "2214"]
[PlyCount "59"]
[EventDate "2022.??.??"]

1. d4 Nf6 2. c4 e6 3. Nc3 Bb4 4. Qc2 O-O 5. e4 d5 6. e5 Ne4 7. Bd3 c5 8. Nge2 cxd4 9. Nxd4 Nd7 10. Bf4 Ndc5 11. O-O Nxd3 12. Qxd3 Bxc3 13. bxc3 Qa5 14. cxd5 exd5 15. Nb3 Qa4 16. Be3 b6 17. Rfc1 Ba6 18. Qd1 Rac8 19. Bd4 Qc6 20. a4 Bc4 21. Nd2 Qg6 22. a5 Rc6 23. Nxe4 Qxe4 24. f3 Qf5 25. Qd2 h5 26. Re1 Re8 27. Qf2 bxa5 28. Bxa7 Ra6 29. Bd4 a4 30. Ra3 1/2-1/2

[Event "2BLS 2223 SC Ötigheim - Stuttgarter SF"]
[Site "?"]
[Date "2022.10.23"]
[Round "2.8"]
[White "Kuehn, Kolja"]
[Black "Leitherer, Johannes"]
[Result "1-0"]
[WhiteElo "2118"]
[BlackElo "1835"]
[PlyCount "183"]
[EventDate "2022.??.??"]

1. d4 d5 2. c4 c6 3. Nc3 Nf6 4. Nf3 e6 5. g3 Be7 6. Bg2 O-O 7. O-O Nbd7 8. Nd2 b6 9. e4 dxe4 10. Ndxe4 Bb7 11. Bf4 Nxe4 12. Nxe4 Nf6 13. Qd3 Qd7 14. Rad1 Rfd8 15. Qc2 Nh5 16. Be3 Nf6 17. Rd2 Qe8 18. Rfd1 Rd7 19. a3 a5 20. h4 b5 21. Nc5 Bxc5 22. dxc5 Rxd2 23. Bxd2 bxc4 24. Qxc4 Nd5 25. Qa4 Qd8 26. Be4 Qc7 27. Bc2 Bc8 28. Re1 Qb7 29. b3 Qb5 30. Qe4 f5 31. Qd4 Qb7 32. Kg2 Ra7 33. h5 h6 34. Rh1 Qe7 35. f4 Qf6 36. Qa4 Bd7 37. Qc4 Be8 38. Kf2 Bf7 39. a4 Be8 40. Bd1 Qb2 41. Bc2 Qf6 42. Be3 Qc3 43. Qxc3 Nxc3 44. Kf3 Bf7 45. g4 e5 46. Re1 Bd5+ 47. Kg3 Ne4+ 48. Kh4 exf4 49. Bxf4 Rb7 50. gxf5 Nxc5 51. Bd6 Bxb3 52. Re8+ Kh7 53. Bxb3 Nxb3 54. Kg4 c5 55. Kf4 Rd7 56. Be5 Rf7 57. Rc8 Nd4 58. Bxd4 cxd4 59. Rd8 d3 60. Rxd3 Rb7 61. Ke5 Rb1 62. Rd5 Rh1 63. Rxa5 Rxh5 64. Ra7 Kg8 65. Rd7 Rh1 66. Rd2 Ra1 67. Rd4 Kf7 68. Rd7+ Kf8 69. Rd4 Kf7 70. Rb4 Re1+ 71. Kd6 g6 72. fxg6+ Kxg6 73. Kc6 Ra1 74. Kb6 h5 75. a5 Kg5 76. a6 h4 77. a7 h3 78. Rb5+ Kg4 79. Ra5 Rb1+ 80. Ka6 h2 81. a8=Q h1=Q 82. Ra4+ Kg3 83. Ra3+ Kf4 84. Qf8+ Ke4 85. Qe7+ Kf4 86. Qf6+ Ke4 87. Qg6+ Kf4 88. Qg3+ Ke4 89. Re3+ Kd5 90. Qe5+ Kc4 91. Rc3+ Kb4 92. Qa5# 1-0

[Event "2BLS 2223 OSG Baden-Baden II - SC Eppin"]
[Site "?"]
[Date "2022.10.23"]
[Round "2.1"]
[White "Noe, Christopher"]
[Black "Gozzoli, Yannick"]
[Result "0-1"]
[WhiteElo "2503"]
[BlackElo "2578"]
[PlyCount "76"]
[EventDate "2022.??.??"]

1. d4 Nf6 2. c4 g6 3. Nc3 Bg7 4. e4 d6 5. f3 O-O 6. Be3 c5 7. Nge2 Nc6 8. Qd2 Qa5 9. d5 Ne5 10. Nc1 a6 11. Qc2 b5 12. Nb3 Qb6 13. cxb5 axb5 14. Nxb5 Bd7 15. a4 Rfb8 16. Be2 Ne8 17. O-O Bxb5 18. axb5 Nc7 19. Rxa8 Rxa8 20. Nd2 Nxb5 21. Qb3 Rb8 22. Ra1 h5 23. f4 Ng4 24. Bxg4 hxg4 25. Nc4 Qc7 26. Ra6 Nd4 27. Qa4 Qb7 28. Bd2 g3 29. hxg3 Qc8 30. Ne3 Rxb2 31. Ra8 Rb8 32. Rxb8 Qxb8 33. Kh2 Qb1 34. Ng4 Qxe4 35. Qe8+ Kh7 36. Qxf7 Qe2 37. Kh3 Nf5 38. Bc3 Qxg4+ 0-1

[Event "2BLS 2223 OSG Baden-Baden II - SC Eppin"]
[Site "?"]
[Date "2022.10.23"]
[Round "2.2"]
[White "Dann, Matthias"]
[Black "Hacker, Jonas"]
[Result "1/2-1/2"]
[WhiteElo "2462"]
[BlackElo "2461"]
[PlyCount "54"]
[EventDate "2022.??.??"]

1. e4 c5 2. Nf3 e6 3. d4 cxd4 4. Nxd4 Nc6 5. Nc3 Qc7 6. Be2 a6 7. O-O Nf6 8. Be3 Be7 9. f4 d6 10. Qe1 O-O 11. Qg3 Nxd4 12. Bxd4 b5 13. a3 Bb7 14. Kh1 Rad8 15. Rae1 Bc6 16. Bd3 Qd7 17. e5 dxe5 18. Bxe5 g6 19. f5 Nh5 20. Qh3 exf5 21. Bxf5 Qb7 22. Be4 f5 23. Bxc6 Qxc6 24. Re2 Bf6 25. Bxf6 Nxf6 26. Qf3 Qxf3 27. Rxf3 Ne4 1/2-1/2

[Event "2BLS 2223 OSG Baden-Baden II - SC Eppin"]
[Site "?"]
[Date "2022.10.23"]
[Round "2.3"]
[White "Medvegy, Zoltan"]
[Black "Martin, Julian"]
[Result "1-0"]
[WhiteElo "2526"]
[BlackElo "2397"]
[PlyCount "67"]
[EventDate "2022.??.??"]

1. Nf3 Nf6 2. g3 e6 3. Bg2 d5 4. O-O c5 5. c4 d4 6. e3 Nc6 7. d3 Bd6 8. exd4 cxd4 9. Na3 O-O 10. Nc2 Bc5 11. Re1 a5 12. Na3 Bd6 13. Nb5 Bb8 14. Bg5 h6 15. Bxf6 Qxf6 16. Rc1 e5 17. Nd2 Qg6 18. Be4 f5 19. Bd5+ Kh8 20. a3 e4 21. c5 Ne5 22. dxe4 Nd3 23. c6 Nxc1 24. cxb7 Bxb7 25. Bxb7 f4 26. Qf3 Rf6 27. g4 Nd3 28. Qxd3 Qxg4+ 29. Kh1 f3 30. Rg1 Qh5 31. Nf1 Rf4 32. Bxa8 Rg4 33. e5 Rxg1+ 34. Kxg1 1-0

[Event "2BLS 2223 OSG Baden-Baden II - SC Eppin"]
[Site "?"]
[Date "2022.10.23"]
[Round "2.4"]
[White "Bellahcene, Bilel"]
[Black "Guliyev, Namig"]
[Result "1/2-1/2"]
[WhiteElo "2483"]
[BlackElo "2542"]
[PlyCount "21"]
[EventDate "2022.??.??"]

1. d4 d5 2. c4 dxc4 3. e4 e5 4. Nf3 Bb4+ 5. Bd2 Bxd2+ 6. Qxd2 exd4 7. Nxd4 Ne7 8. Bxc4 Nbc6 9. Nxc6 Nxc6 10. Qxd8+ Nxd8 11. Nc3 1/2-1/2

[Event "2BLS 2223 OSG Baden-Baden II - SC Eppin"]
[Site "?"]
[Date "2022.10.23"]
[Round "2.5"]
[White "Gibicar, Danijel"]
[Black "Schmider, Niklas"]
[Result "1-0"]
[WhiteElo "2291"]
[BlackElo "2411"]
[PlyCount "110"]
[EventDate "2022.??.??"]

1. d4 Nf6 2. Nf3 d5 3. e3 e6 4. Bd3 c5 5. b3 Nc6 6. O-O b6 7. Bb2 Bb7 8. Nbd2 Bd6 9. Ne5 O-O 10. a3 Ne7 11. c4 cxd4 12. Bxd4 Nf5 13. Bb2 d4 14. Ng4 Be7 15. e4 Nxg4 16. Qxg4 Nh6 17. Qh5 f6 18. f4 Nf7 19. Nf3 g6 20. Qh3 e5 21. f5 gxf5 22. Qxf5 Kh8 23. Nh4 Nd6 24. Qh5 Rg8 25. Rae1 Bc8 26. Bc1 Bg4 27. Qh6 Qf8 28. Qd2 Qg7 29. Kh1 a5 30. Qf2 Be6 31. Nf5 Nxf5 32. exf5 Bf7 33. Be4 Rac8 34. a4 Qg4 35. Qc2 Rc7 36. Bf3 Qg7 37. Qd3 Bb4 38. Re4 Qf8 39. Rh4 Be8 40. Bd5 Rgg7 41. Bh6 Bf7 42. Be4 Be8 43. Rf3 Bc3 44. Rg4 Bh5 45. Rxg7 Rxg7 46. Rh3 Bf7 47. Bxg7+ Qxg7 48. Qg3 Qf8 49. Qh4 Bg8 50. Bd5 Qe7 51. Bxg8 Kxg8 52. Rg3+ Kh8 53. Qe4 Qf8 54. Qb7 Be1 55. Rh3 h6 1-0

[Event "2BLS 2223 OSG Baden-Baden II - SC Eppin"]
[Site "?"]
[Date "2022.10.23"]
[Round "2.6"]
[White "Breder, Dennis"]
[Black "Mann, Christian"]
[Result "0-1"]
[WhiteElo "2450"]
[BlackElo "2392"]
[PlyCount "52"]
[EventDate "2022.??.??"]

1. e4 e6 2. d4 d5 3. Nd2 Be7 4. c3 c5 5. dxc5 Nf6 6. exd5 Qxd5 7. b4 O-O 8. Ngf3 b6 9. cxb6 axb6 10. a3 Bb7 11. Bb2 Rd8 12. Be2 Qh5 13. Nd4 Qh6 14. Bf3 Bxf3 15. Qxf3 Nbd7 16. Nc4 b5 17. Ne3 Ne5 18. Qe2 Nd5 19. Ng4 Nxg4 20. Qxg4 Bf6 21. Rd1 Bxd4 22. Rxd4 e5 23. Rd1 f5 24. Qf3 e4 25. Qg3 Nf4 26. Bc1 Qh5 0-1

[Event "2BLS 2223 OSG Baden-Baden II - SC Eppin"]
[Site "?"]
[Date "2022.10.23"]
[Round "2.7"]
[White "Hamid, Emran"]
[Black "Trifan, Andrei Ioan"]
[Result "1/2-1/2"]
[WhiteElo "2206"]
[BlackElo "2308"]
[PlyCount "88"]
[EventDate "2022.??.??"]

1. e4 e5 2. Nf3 Nc6 3. Bc4 Bc5 4. c3 Nf6 5. d3 d6 6. O-O a6 7. a4 Ba7 8. Re1 h6 9. Nbd2 O-O 10. h3 Re8 11. Nf1 Be6 12. Bxe6 Rxe6 13. Be3 d5 14. Bxa7 Rxa7 15. Ng3 g6 16. a5 d4 17. cxd4 Nxd4 18. Nxd4 Qxd4 19. Qc1 b5 20. Qxh6 Qxb2 21. d4 Qxd4 22. Red1 Qb4 23. Rd8+ Ne8 24. Qe3 Rb7 25. Rad1 Qf8 26. Ra8 b4 27. Rdd8 b3 28. Rab8 Rxb8 29. Rxb8 b2 30. Rxb2 Nd6 31. Rc2 Nb5 32. Qc5 Qd8 33. Nf1 Qd4 34. Ne3 Qxe4 35. Rd2 Nd4 36. Qxc7 Rc6 37. Qd8+ Kg7 38. Rd1 Qf4 39. Qd5 Rf6 40. Rd2 Nf5 41. Nxf5+ Rxf5 42. g3 Qg5 43. Re2 e4 44. Qxe4 Rxa5 1/2-1/2

[Event "2BLS 2223 OSG Baden-Baden II - SC Eppin"]
[Site "?"]
[Date "2022.10.23"]
[Round "2.8"]
[White "Schmaltz, Roland"]
[Black "Reimold, Jonas"]
[Result "1/2-1/2"]
[WhiteElo "2456"]
[BlackElo "2051"]
[PlyCount "62"]
[EventDate "2022.??.??"]

1. e4 e5 2. Nf3 Nf6 3. d3 Nc6 4. g3 d5 5. exd5 Nxd5 6. Bg2 Be7 7. O-O O-O 8. Re1 Bf6 9. Nbd2 Bg4 10. h3 Bh5 11. Nc4 Re8 12. g4 Bg6 13. g5 Be7 14. Ncxe5 Nxe5 15. Rxe5 Bh5 16. c4 Nb4 17. d4 Qd7 18. Be3 Rad8 19. a3 Nc6 20. Rd5 Bd6 21. Qf1 Ne7 22. Ne5 Qc8 23. Rb5 c6 24. Rb3 Nf5 25. Re1 Nh4 26. f4 Re7 27. Bh1 f6 28. Bf2 Nf5 29. gxf6 gxf6 30. Ng4 Rg7 31. Bf3 Nh6 1/2-1/2

[Event "2BLS 2223 SF Heidesheim - SV 1920 Hofhe"]
[Site "?"]
[Date "2022.10.23"]
[Round "2.1"]
[White "Sumets, Andrey"]
[Black "Perske, Thore"]
[Result "1/2-1/2"]
[WhiteElo "2493"]
[BlackElo "2436"]
[PlyCount "49"]
[EventDate "2022.??.??"]

1. d4 Nf6 2. Nf3 e6 3. c4 d5 4. g3 Bb4+ 5. Bd2 a5 6. Qc2 O-O 7. Bg2 b6 8. cxd5 exd5 9. O-O Bxd2 10. Nbxd2 Na6 11. Rac1 Re8 12. Ne5 c5 13. a3 cxd4 14. Nc6 Qd6 15. Nxd4 Bd7 16. Qb1 Rac8 17. Rxc8 Rxc8 18. Rd1 Nc5 19. Nf1 Nce4 20. Ne3 Ba4 21. Rc1 Rxc1+ 22. Qxc1 Qc5 23. Qxc5 bxc5 24. Ndf5 d4 25. Ng4 1/2-1/2

[Event "2BLS 2223 SF Heidesheim - SV 1920 Hofhe"]
[Site "?"]
[Date "2022.10.23"]
[Round "2.2"]
[White "Carow, Johannes"]
[Black "Shneider, Aleksandr"]
[Result "1/2-1/2"]
[WhiteElo "2445"]
[BlackElo "2505"]
[PlyCount "83"]
[EventDate "2022.??.??"]

1. d4 Nf6 2. c4 e6 3. Nc3 d5 4. cxd5 exd5 5. Bg5 Be7 6. e3 h6 7. Bh4 O-O 8. Bd3 b6 9. Nf3 Bb7 10. O-O Ne4 11. Bxe7 Qxe7 12. Rc1 c5 13. dxc5 bxc5 14. Bb1 Rd8 15. Qb3 Na6 16. Rfd1 Nf6 17. Na4 Rac8 18. Nh4 g6 19. Qb5 Qd7 20. Qxd7 Rxd7 21. Nf3 Rdc7 22. Nc3 Re7 23. h3 Nc7 24. Rd2 Ne6 25. Na4 Rec7 26. Ne5 Kg7 27. a3 d4 28. Ba2 dxe3 29. fxe3 Ng5 30. Nd3 c4 31. Ne5 Nge4 32. Rdc2 c3 33. Nxc3 Bd5 34. Bxd5 Nxd5 35. Ng4 Ndxc3 36. bxc3 Rxc3 37. Rxc3 Rxc3 38. Rxc3 Nxc3 39. Ne5 a5 40. a4 Nxa4 41. Nc4 Nc3 42. Nxa5 1/2-1/2

[Event "2BLS 2223 SF Heidesheim - SV 1920 Hofhe"]
[Site "?"]
[Date "2022.10.23"]
[Round "2.3"]
[White "Gurevich, Vladimir"]
[Black "Wilhelm, Till"]
[Result "1/2-1/2"]
[WhiteElo "2458"]
[BlackElo "2345"]
[PlyCount "35"]
[EventDate "2022.??.??"]

1. e4 e5 2. Nf3 Nc6 3. Nc3 Nf6 4. Bb5 Bb4 5. O-O O-O 6. d3 d6 7. Ne2 Ne7 8. Ng3 c6 9. Ba4 Ng6 10. c3 Ba5 11. d4 Bb6 12. h3 d5 13. Nxe5 Nxe5 14. dxe5 Nxe4 15. Nxe4 dxe4 16. Qxd8 Rxd8 17. Bf4 h6 18. Rad1 1/2-1/2

[Event "2BLS 2223 SF Heidesheim - SV 1920 Hofhe"]
[Site "?"]
[Date "2022.10.23"]
[Round "2.4"]
[White "Hinrichs, Paul"]
[Black "Womacka, Mathias"]
[Result "1/2-1/2"]
[WhiteElo "2172"]
[BlackElo "2416"]
[PlyCount "60"]
[EventDate "2022.??.??"]

1. d4 Nf6 2. c4 e6 3. Nc3 Bb4 4. Qc2 O-O 5. a3 Bxc3+ 6. Qxc3 b6 7. Bg5 Bb7 8. f3 c5 9. dxc5 bxc5 10. Bxf6 Qxf6 11. Qxf6 gxf6 12. e3 Nc6 13. Ne2 Ne5 14. Nc3 d5 15. Na4 Rac8 16. Rc1 dxc4 17. Bxc4 Bc6 18. Nxc5 Bxf3 19. b4 Ba8 20. O-O Rcd8 21. Bb3 Rd2 22. Rf2 Rfd8 23. Rxd2 Rxd2 24. Nxe6 Rxg2+ 25. Kf1 fxe6 26. Rc8+ Kf7 27. Rxa8 Rd2 28. Rxa7+ Kg6 29. Bxe6 Nf3 30. h3 Nh2+ 1/2-1/2

[Event "2BLS 2223 SF Heidesheim - SV 1920 Hofhe"]
[Site "?"]
[Date "2022.10.23"]
[Round "2.5"]
[White "Laux, Dominik"]
[Black "Foerster, Erik"]
[Result "1-0"]
[WhiteElo "2273"]
[BlackElo "2162"]
[PlyCount "69"]
[EventDate "2022.??.??"]

1. e4 e5 2. Nf3 Nf6 3. d4 Nxe4 4. Bd3 d5 5. Nxe5 Nd7 6. Nxd7 Bxd7 7. O-O Be7 8. c4 Nf6 9. Nc3 Be6 10. c5 O-O 11. Bf4 b6 12. b4 a5 13. a3 Bg4 14. Qc2 Bh5 15. Nb5 Rc8 16. bxa5 bxc5 17. dxc5 Bg6 18. Bxg6 hxg6 19. c6 Ne4 20. Rad1 Nc5 21. Qa2 Ne6 22. Bg3 Ra8 23. Rxd5 Qc8 24. Qd2 Rd8 25. Rd7 Nc5 26. Rxd8+ Bxd8 27. Re1 Ne6 28. Nd4 Nf8 29. Re8 Rb8 30. h3 Qa6 31. Kh2 Qc4 32. Nf3 Qf1 33. Rxd8 Rb1 34. Rxf8+ Kxf8 35. Qd8# 1-0

[Event "2BLS 2223 SF Heidesheim - SV 1920 Hofhe"]
[Site "?"]
[Date "2022.10.23"]
[Round "2.6"]
[White "Karst, Elmar"]
[Black "Zude, Arno"]
[Result "0-1"]
[WhiteElo "2293"]
[BlackElo "2370"]
[PlyCount "126"]
[EventDate "2022.??.??"]

1. d4 Nf6 2. Bg5 d5 3. e3 c5 4. Bxf6 gxf6 5. dxc5 Nc6 6. Nc3 e6 7. Qh5 Bxc5 8. O-O-O Qe7 9. Bb5 Bd7 10. Nge2 O-O-O 11. Nf4 Kb8 12. Kb1 Rc8 13. Ba4 a6 14. Bb3 Ne5 15. Nce2 f5 16. h3 Qf6 17. Ng3 Bb5 18. Bxd5 exd5 19. Nxd5 Qg6 20. Qh4 Rhe8 21. Nf4 Qc6 22. Nxf5 Ng6 23. Qg3 Ka8 24. Nd5 Re5 25. Qf3 Bc4 26. e4 Bxd5 27. Rxd5 Rce8 28. Rhd1 Rxe4 29. Ng7 R8e5 30. Rd8+ Ka7 31. Qxf7 Rd4 32. R8xd4 Bxd4 33. Nf5 Bxf2 34. a3 Re2 35. Qb3 Ne5 36. g4 Nc4 37. Ka2 Bb6 38. Qd3 Rh2 39. Ne7 Qe6 40. Qd7 Qxd7 41. Rxd7 Rxh3 42. b3 Ne5 43. Rd2 Be3 44. Rd8 Nxg4 45. Rg8 h5 46. b4 Bd4 47. c4 Kb6 48. Rc8 Ne3 49. a4 Rh2+ 50. Ka3 Nc2+ 51. Kb3 Na1+ 52. Ka3 Bb2+ 53. Ka2 Bf6+ 54. Kb1 Rh1+ 55. Ka2 Bxe7 56. a5+ Ka7 57. b5 axb5 58. cxb5 Bb4 59. b6+ Ka6 60. Ra8+ Kb5 61. a6 Kxb6 62. a7 Ka6 63. Kb2 Bc5 0-1

[Event "2BLS 2223 SF Heidesheim - SV 1920 Hofhe"]
[Site "?"]
[Date "2022.10.23"]
[Round "2.7"]
[White "Tischendorf, Michael"]
[Black "Lantzsch, Christian"]
[Result "1/2-1/2"]
[WhiteElo "2151"]
[BlackElo "2160"]
[PlyCount "76"]
[EventDate "2022.??.??"]

1. d4 d5 2. Nc3 c6 3. Bf4 Nf6 4. e3 g6 5. h3 Bg7 6. Nf3 O-O 7. Be2 a5 8. a4 Na6 9. O-O Nc7 10. Bd3 Bf5 11. Re1 Nce8 12. e4 dxe4 13. Nxe4 Nxe4 14. Bxe4 Bxe4 15. Rxe4 Nf6 16. Re2 Nd5 17. Be5 f6 18. Bg3 Bh6 19. c3 Re8 20. Qc2 Qd7 21. Rae1 e6 22. Nd2 Bxd2 23. Qxd2 b5 24. b3 Rad8 25. axb5 cxb5 26. c4 bxc4 27. bxc4 Nb6 28. Qxa5 Nxc4 29. Qa6 Nd6 30. Qb6 Nf5 31. Rxe6 Rxe6 32. Qxe6+ Qxe6 33. Rxe6 Nxg3 34. fxg3 f5 35. Re7 Rxd4 36. Kf2 Rd3 37. Rc7 Rb3 38. Rd7 Ra3 1/2-1/2